000 01031nam a2200289 i 4500
001 183531
003 ES-MaACL
005 20250808010514.0
008 140715s2012 xxu |||| | eng d
020 _a9781887917094
080 _a101
100 1 _aMarinoff, Lou.
_976857
245 1 4 _aThe inner philosopher
_b: conversations on philosophy's transformative power /
_cLou Marinoff, Daisaku Ikeda.
260 _aCambridge, Massachusetts :
_bDialogue Path Press,
_c2012.
300 _a243 p. :
_b1 retr. ;
_c22 cm.
500 _aÍndice.
504 _aBibliografía: p. [213-215]
650 0 4 _aOrientación filosófica.
_915768
650 7 _aMoral práctica
_2embne
_911261
650 _aBudismo.
_910630
700 1 _aIkeda, Daisaku.
_965160
852 1 _aBA
_jA-13142
_9190472
_bR.149974
_dOlim: N-6142
_cDEPO1
_gDedicatoria autógrafa del autor
_hDonación: Lou Marinoff
903 _976857
_aMarinoff, Lou
_ednr
942 _2udc
_cMONOGRAFIA
999 _c183531
_d183531